Giáo trình dân số học đại cương

Kaydedildi:
Detaylı Bibliyografya
Yazar: Nguyễn, Thế Vũ
Materyal Türü: Kitap
Dil:Undetermined
Baskı/Yayın Bilgisi: Cần Thơ Trường Đại học Cần Thơ 1994
Konular:
Etiketler: Etiketle
Etiket eklenmemiş, İlk siz ekleyin!
Thư viện lưu trữ: Trung tâm Học liệu Trường Đại học Cần Thơ
LEADER 00545nam a2200181Ia 4500
001 CTU_23937
008 210402s9999 xx 000 0 und d
082 |a 304.6 
082 |b V500 
100 |a Nguyễn, Thế Vũ 
245 0 |a Giáo trình dân số học đại cương 
245 0 |c Nguyễn Thế Vũ 
260 |a Cần Thơ 
260 |b Trường Đại học Cần Thơ 
260 |c 1994 
650 |a Population 
904 |i Phượng, Hải 
980 |a Trung tâm Học liệu Trường Đại học Cần Thơ